Movies Quiz

Random Movies or Blitz Quiz

Match 'Em Up Blitz - Lord of the Rings Quiz Stats

 Plays Quiz not verified by Sporcle

Challenge
Share
Tweet
Score 0/40 Timer 07:00
0 Plays Today
% Correct
LAST NAME
98.5%
FIRST NAME
98.5%
HOBBIT NAMES
98.5%
HIDDEN WORD
98.5%
WEAPON
89.2%
HIDDEN WORD
89.2%
BEARER
89.1%
ARMY AND SYMBOL
89%
WEAPON AND BEARER
89%
ARMY
87.2%
HOBBIT NAMES
87.2%
SYMBOL
87.1%
HIDDEN WORD
87.1%
ARMY AND SYMBOL
87%
RACE
83.5%
HIDDEN WORD
83.1%
PERSON
83.1%
WEAPON AND BEARER
83%
MEN AND RACES
82.9%
PLACE
82%
% Correct
HIDDEN WORD
81.6%
REGION
81.5%
PLACE AND REGION
81.4%
MEN AND RACES
81.3%
CHARACTER
77.8%
ACTOR
77.7%
HIDDEN WORD
77.5%
CHARACTER & ACTOR
77.3%
PLACE AND REGION
77.2%
CHARACTER
73.5%
HIDDEN WORD
73.4%
CHARACTER & ACTOR
73.2%
QUOTE AND CHARACTER
73.2%
QUOTE (*Just type Quote 1, Quote 2, etc*)
73.1%
HIDDEN WORD
56.9%
PERSON
56.9%
ACTION
56.8%
QUOTE AND CHARACTER
56.7%
PERSON & ACTION
56.7%
YOU WIN
27.8%

You're not logged in!

Compare scores with friends on all Sporcle quizzes.
OR
Log In

You Might Also Like...

Show Comments

Extras

Top Quizzes Today


Score Distribution

Your Account Isn't Verified!

In order to create a playlist on Sporcle, you need to verify the email address you used during registration. Go to your Sporcle Settings to finish the process.

Report this User

Report this user for behavior that violates our Community Guidelines.

Details: